[Event "Najdorf 2017"]
[Site "Warsaw POL"]
[Date "2017.07.13"]
[Round "5.9"]
[White "Prasanna, Raghuram Rao"]
[Black "Dragun, Kamil"]
[Result "1/2-1/2"]
[WhiteElo "2466"]
[BlackElo "2621"]

1. e4 e5 2. Nf3 Nc6 3. Bb5 a6 4. Ba4 Nf6 5. O-O Be7 6. d3 b5 7. Bb3 d6 8.
a4 Bd7 9. c3 Na5 10. Bc2 c5 11. d4 Qb8 12. axb5 axb5 13. Bg5 Be6 14. Nbd2
O-O 15. h3 cxd4 16. cxd4 Rc8 17. Re1 h6 18. Be3 Bd8 19. Qb1 b4 20. Bd3 Bd7
21. Rc1 Bc7 22. dxe5 dxe5 23. Bc5 Be6 24. Bf1 Nd7 25. Be3 Qb7 26. Qd3 Bb6
27. Bxb6 Qxb6 28. Qb5 Rxc1 29. Rxc1 Rb8 30. Qxb6 Rxb6 31. Rc8+ Kh7 32. Rc7
f6 33. Ra7 Nc6 34. Ra1 b3 35. Bc4 Nc5 36. Bxe6 Nxe6 37. Nc4 Rb8 38. Nfd2
Nc5 39. Ra3 h5 40. h4 Kg6 41. f3 Kf7 42. Kf2 Ke6 43. Na5 Nxa5 44. Rxa5 Nd3+
45. Kf1 Nxb2 46. Ra3 Rc8 47. Rxb3 Rc2 48. Ke1 Kf7 49. Rb7+ Kg6 50. Rd7 Rc1+
51. Ke2 Na4 52. Nf1 Nc5 53. Rd2 Nb3 54. Rb2 Nd4+ 55. Kf2 Rc2+ 1/2-1/2

[Event "Najdorf 2017"]
[Site "Warsaw POL"]
[Date "2017.07.13"]
[Round "5.10"]
[White "Thybo, Jesper Sondergaard"]
[Black "Sengupta, Deep"]
[Result "0-1"]
[WhiteElo "2465"]
[BlackElo "2596"]

1. d4 e6 2. c4 d5 3. Nf3 c6 4. Nbd2 Nf6 5. g3 b6 6. Bg2 Bb7 7. O-O Be7 8.
b3 O-O 9. Bb2 a5 10. Ne5 Na6 11. e4 Rc8 12. Re1 Rc7 13. Rc1 Qa8 14. Nd3
dxe4 15. Nxe4 Rd8 16. Qe2 Nxe4 17. Bxe4 Bf6 18. c5 Qa7 19. cxb6 Qxb6 20.
Nc5 Nb4 21. Bb1 Rcc8 22. Qg4 Nd5 23. h4 Ra8 24. Qe4 g6 25. h5 Bc8 26. Rc4
Bg7 27. hxg6 hxg6 28. Rec1 Bh6 29. Na4 Qc7 30. f4 Qe7 31. Nc5 Bg7 32. R4c2
Rb8 33. Rh2 Nf6 34. Qf3 Rd5 35. Bd3 Qd8 36. Rd2 Rb4 37. Bc3 Rbxd4 38. Bxd4
Rxd4 39. Rdd1 e5 40. Bf1 exf4 41. gxf4 Nd5 42. Ne4 Qh4 43. Qg3 Qe7 44. Nf2
Qd6 45. Rxd4 Bxd4 46. Bc4 Nxf4 47. Kf1 Kg7 48. Re1 Qf6 49. Re8 Nh5 50. Qh2
Bd7 51. Ra8 Qf3 52. Kg1 Bh3 53. Bf1 Qg4+ 54. Kh1 Ng3+ 0-1

[Event "Najdorf 2017"]
[Site "Warsaw POL"]
[Date "2017.07.13"]
[Round "5.11"]
[White "Jarmula, Lukasz"]
[Black "Zhigalko, Andrey"]
[Result "1/2-1/2"]
[WhiteElo "2444"]
[BlackElo "2564"]

1. e4 c5 2. Nf3 e6 3. d4 cxd4 4. Nxd4 Nc6 5. Nc3 Qc7 6. Be3 a6 7. a3 b5 8.
Nxc6 Qxc6 9. Be2 Bb7 10. Bf3 Rc8 11. Qd2 Qc7 12. Rd1 Nf6 13. O-O Bxa3 14.
Bf4 e5 15. bxa3 Qxc3 16. Qxc3 Rxc3 17. Bxe5 Rxc2 18. Bd6 Kd8 19. e5 Bxf3
20. gxf3 Ne8 21. Bb4 h5 22. Rd3 Rh6 23. Rfd1 d6 24. Bxd6 Nxd6 25. Rxd6+
Rxd6 26. Rxd6+ Ke7 27. Rxa6 Re2 28. f4 Re4 29. Rb6 Rxf4 30. Rxb5 Ra4 31.
Rb3 Ke6 32. Re3 g5 33. h3 Kf5 34. Kg2 Kf4 35. Kh2 Ra5 36. Kg2 Ra6 37. Kf1
Rb6 38. Kg2 Ra6 39. Kf1 1/2-1/2

[Event "Najdorf 2017"]
[Site "Warsaw POL"]
[Date "2017.07.13"]
[Round "5.12"]
[White "Gusain, Himal"]
[Black "Warakomski, Tomasz"]
[Result "1/2-1/2"]
[WhiteElo "2461"]
[BlackElo "2518"]

1. e4 c6 2. d4 d5 3. exd5 cxd5 4. Bd3 Nc6 5. c3 Qc7 6. Ne2 Bg4 7. f3 Bd7 8.
Bf4 e5 9. dxe5 Nxe5 10. O-O Nf6 11. Nd4 Bd6 12. Na3 O-O 13. Kh1 Bxa3 14.
bxa3 Nh5 15. Bxe5 Qxe5 16. Re1 Qc7 17. Qb3 Nf4 18. Bf1 Rae8 19. c4 Rxe1 20.
Rxe1 Qc5 21. Rd1 b6 22. cxd5 Nxd5 23. Bc4 Ba4 24. Qxa4 Nc3 25. Bxf7+ Rxf7
26. Qe8+ Rf8 27. Qe6+ Kh8 28. Nb3 Qxa3 29. Rc1 Rd8 30. h3 Nxa2 31. Rc7 h6
32. Qf7 Qf8 33. Qxf8+ Rxf8 34. Rxa7 Nb4 35. Rb7 1/2-1/2

[Event "Najdorf 2017"]
[Site "Warsaw POL"]
[Date "2017.07.13"]
[Round "5.13"]
[White "Saeed, Ishaq"]
[Black "Golubov, Saveliy"]
[Result "1-0"]
[WhiteElo "2428"]
[BlackElo "2516"]

1. d4 Nf6 2. c4 e6 3. Nf3 d5 4. g3 Be7 5. Bg2 O-O 6. O-O dxc4 7. Qc2 a6 8.
a4 Bd7 9. Qxc4 Bc6 10. Bf4 a5 11. Nc3 Nbd7 12. Qd3 Bb4 13. Rfe1 h6 14. Qc2
Nb6 15. e4 g5 16. Bc1 Kg7 17. h4 g4 18. Ne5 Bxa4 19. Qd2 Rh8 20. Qf4 h5 21.
Nxf7 Kxf7 22. e5 Bc6 23. Bxc6 bxc6 24. exf6 Nd5 25. Qe4 Qxf6 26. Bd2 a4 27.
Qc2 Bxc3 28. bxc3 Qf5 29. Qc1 Ne7 30. c4 Ng6 31. Bb4 e5 32. Bc3 Rhd8 33.
dxe5 Ke6 34. Bb4 Rd3 35. Qh6 Rb3 36. Ba3 Rd8 37. Qh7 Rxg3+ 38. fxg3 Qd3 39.
Kh2 Qc2+ 40. Kh1 Rd7 1-0

[Event "Najdorf 2017"]
[Site "Warsaw POL"]
[Date "2017.07.13"]
[Round "5.14"]
[White "Cheparinov, Ivan"]
[Black "Nurkiewicz, Maciej"]
[Result "1-0"]
[WhiteElo "2703"]
[BlackElo "2373"]

1. e4 e5 2. Nf3 Nf6 3. Nxe5 d6 4. Nf3 Nxe4 5. d4 d5 6. Bd3 Bd6 7. O-O O-O
8. c4 c6 9. Nc3 Nxc3 10. bxc3 dxc4 11. Bxc4 Bg4 12. h3 Bh5 13. g4 Bg6 14.
Ne5 Nd7 15. Nxg6 hxg6 16. Bb3 Qf6 17. Qd3 Kh7 18. f4 Qh4 19. Bd2 Rad8 20.
Qf3 Rde8 21. Rae1 Re7 22. Rxe7 Qxe7 23. Re1 Qd8 24. g5 Re8 25. Rxe8 Qxe8
26. f5 Nf8 27. fxg6+ fxg6 28. Qf7 Qxf7 29. Bxf7 Nd7 30. Kf2 c5 31. Kf3 1-0

[Event "Najdorf 2017"]
[Site "Warsaw POL"]
[Date "2017.07.13"]
[Round "5.15"]
[White "Das, Arghyadip"]
[Black "Kovalev, Vladislav"]
[Result "0-1"]
[WhiteElo "2416"]
[BlackElo "2639"]

1. e4 e5 2. Nf3 Nc6 3. Bc4 Nf6 4. d3 Bc5 5. a4 a6 6. c3 O-O 7. O-O h6 8. d4
Ba7 9. dxe5 Nxe4 10. Bd5 Nxf2 11. Rxf2 d6 12. Bxc6 bxc6 13. exd6 Bg4 14.
Na3 cxd6 15. Nc2 Bxf2+ 16. Kxf2 Re8 17. a5 Rb8 18. Ne3 Bxf3 19. Qxf3 Qh4+
20. Qg3 Qe4 21. Qf3 Qh4+ 22. Qg3 Qe4 23. Qf3 f5 24. Qxe4 Rxe4 25. g3 d5 26.
b4 d4 27. Nc2 dxc3 28. Be3 Rd8 29. Ra3 Rd3 30. Ra1 Kf7 31. Re1 g5 32. Re2
Kf6 33. Ne1 Rd1 34. Nc2 Ke5 35. Kf3 Kd5 36. h4 f4 37. gxf4 gxf4 38. b5 cxb5
39. Nb4+ Ke5 0-1

[Event "Najdorf 2017"]
[Site "Warsaw POL"]
[Date "2017.07.13"]
[Round "5.16"]
[White "Aleksandrov, Aleksej"]
[Black "Kosakowski, Jakub"]
[Result "1-0"]
[WhiteElo "2581"]
[BlackElo "2366"]

1. d4 Nf6 2. c4 g6 3. Nc3 d5 4. Bf4 Bg7 5. Nf3 O-O 6. Rc1 Be6 7. e3 dxc4 8.
Ng5 Bd5 9. e4 h6 10. exd5 hxg5 11. Bxg5 Nxd5 12. Bxc4 Nb6 13. Bb3 Nc6 14.
d5 Nd4 15. O-O a5 16. h4 a4 17. Nxa4 Nxa4 18. Bxa4 Qxd5 19. Bxe7 Rxa4 20.
Qxa4 Qe4 21. Qd7 Ne2+ 22. Kh1 Nxc1 23. Rxc1 Bxb2 24. Rd1 Ra8 25. Qxc7 Rxa2
26. Qd8+ Kh7 27. Bf6 Bxf6 28. Qxf6 Qe6 29. Qxe6 fxe6 30. Rd7+ Kh6 31. f3 g5
32. hxg5+ Kxg5 33. Rxb7 Kf5 34. Kh2 Rc2 35. Rf7+ Kg6 36. Rf8 Ra2 37. Kh3
Rb2 38. g3 Ra2 39. f4 Ra4 40. Rg8+ Kf6 41. Rg5 Rb4 42. Kh4 Rb8 43. Kh5 Rh8+
44. Kg4 Ra8 45. Re5 Ra3 46. Kh4 Rf3 47. Re4 Ra3 48. g4 Ra1 49. Re5 Rh1+ 50.
Kg3 Rg1+ 51. Kh3 Rf1 52. g5+ Kf7 53. Kg3 Rg1+ 54. Kf2 Ra1 55. Re3 Rb1 56.
Kf3 Ra1 57. Rc3 Rf1+ 58. Kg4 Rg1+ 59. Rg3 Rf1 60. Rh3 Rg1+ 61. Kh5 Kg7 62.
Rc3 Rh1+ 63. Kg4 Rg1+ 64. Kh4 Rf1 65. Kg4 Rg1+ 66. Rg3 Rf1 67. Re3 Kf7 68.
Re5 Rg1+ 69. Kf3 Rf1+ 70. Ke3 Re1+ 71. Kd4 Rd1+ 72. Ke4 Re1+ 73. Kf3 Rf1+
74. Kg3 Rg1+ 75. Kf2 Ra1 76. Rb5 Ra7 77. Kf3 Rc7 78. Ke4 Rd7 79. Ke5 Ra7
80. Rc5 Rb7 81. Ra5 Rc7 82. Kd6 Rb7 83. Rc5 Rb6+ 84. Rc6 Rb4 85. Rc7+ Kf8
86. Ke5 Ra4 87. Rh7 Rb4 88. Rh6 Kf7 89. Rf6+ Kg7 90. Rxe6 Ra4 91. Kf5 Rb4
92. Re7+ Kf8 93. Ra7 Rc4 94. g6 Rc6 95. Kg5 Kg8 96. Kh6 1-0

[Event "Najdorf 2017"]
[Site "Warsaw POL"]
[Date "2017.07.13"]
[Round "5.17"]
[White "Barski, Radoslaw"]
[Black "Dziuba, Marcin"]
[Result "0-1"]
[WhiteElo "2402"]
[BlackElo "2561"]

1. e4 c6 2. d4 d5 3. e5 Bf5 4. Nf3 e6 5. Be2 Ne7 6. O-O Ng6 7. Re1 Be7 8.
Nbd2 O-O 9. Nf1 Nh4 10. Nxh4 Bxh4 11. g3 Be7 12. Ne3 Be4 13. c3 c5 14. Nc2
Nc6 15. Bd3 Bxd3 16. Qxd3 Qb6 17. Be3 Rac8 18. Rab1 cxd4 19. Bxd4 Bc5 20.
b4 Bxd4 21. cxd4 Rc7 22. a4 a5 23. b5 Ne7 24. Ne3 Rfc8 25. Qd2 Rc3 26. Rec1
Qc7 27. Rd1 b6 28. Qa2 h6 29. Kg2 Kf8 30. h4 Qd7 31. Rb3 R3c7 32. Qa3 h5
33. Rdd3 Ke8 34. Qd6 Rb8 35. Qa3 Nf5 36. Nxf5 exf5 37. e6 fxe6 38. Re3 Kf7
39. Re5 Rc4 40. Rbe3 Re8 41. Qa1 Qc8 42. Qd1 g6 43. Re2 Kg7 44. Qe1 Rc1 45.
Qd2 Ra1 46. g4 fxg4 47. Rxh5 gxh5 48. Qg5+ Kf7 49. Qxh5+ Kf8 50. Qh7 Rc1
51. Re5 Rc7 52. Qh6+ Ke7 53. Rg5 Kd8 54. Qf6+ Rce7 55. h5 Kd7 56. h6 Rf8
57. Qg6 Qc3 58. Rxg4 Qf3+ 0-1

[Event "Najdorf 2017"]
[Site "Warsaw POL"]
[Date "2017.07.13"]
[Round "5.18"]
[White "Jakubowski, Krzysztof"]
[Black "Das, Sayantan"]
[Result "1-0"]
[WhiteElo "2518"]
[BlackElo "2399"]

1. Nf3 Nf6 2. g3 g6 3. c4 Bg7 4. Bg2 O-O 5. O-O d6 6. d4 Nbd7 7. Nc3 e5 8.
h3 Re8 9. Re1 a6 10. e4 exd4 11. Nxd4 Rb8 12. Be3 Ne5 13. b3 Bd7 14. Rc1 c5
15. Nde2 Bc6 16. a4 Qa5 17. f4 Ned7 18. Qd3 Re6 19. g4 h6 20. Bd2 Qd8 21.
Ng3 Ne8 22. Rf1 Nc7 23. Nd5 b5 24. Ba5 Bxd5 25. cxd5 Re8 26. e5 dxe5 27. d6
Nb6 28. fxe5 Ne6 29. Rxf7 Kxf7 30. Bxb6 Qxb6 31. Rf1+ Kg8 32. Qxg6 c4+ 33.
Kh1 Nf8 34. Bd5+ Kh8 35. Rxf8+ Rxf8 36. Be4 Kg8 37. Bd5+ Kh8 38. Be4 Kg8
39. Qh7+ Kf7 40. Bd5+ 1-0

[Event "Najdorf 2017"]
[Site "Warsaw POL"]
[Date "2017.07.13"]
[Round "5.20"]
[White "Kanarek, Marcel"]
[Black "Omar, Noaman"]
[Result "1-0"]
[WhiteElo "2509"]
[BlackElo "2354"]

1. e4 c6 2. d4 d5 3. Nc3 dxe4 4. Nxe4 Bf5 5. Ng3 Bg6 6. h4 h6 7. Nf3 e6 8.
Ne5 Bh7 9. Bd3 Bxd3 10. Qxd3 Nd7 11. f4 Be7 12. Bd2 Nxe5 13. fxe5 Bxh4 14.
O-O-O Bxg3 15. Qxg3 Ne7 16. Qxg7 Rg8 17. Qh7 Qd5 18. Rdf1 O-O-O 19. Rxf7
Qxd4 20. Bc3 Qe3+ 21. Kb1 Rxg2 22. a3 Nd5 23. Ba5 Rdg8 24. Rxb7 1-0

[Event "Najdorf 2017"]
[Site "Warsaw POL"]
[Date "2017.07.13"]
[Round "5.21"]
[White "Raja, Harshit"]
[Black "Riff, Jean-noel"]
[Result "1/2-1/2"]
[WhiteElo "2377"]
[BlackElo "2493"]

1. e4 c5 2. Nf3 d6 3. d4 cxd4 4. Nxd4 Nf6 5. Nc3 a6 6. Bg5 e6 7. f4 Qb6 8.
Qd2 Qxb2 9. Rb1 Qa3 10. f5 Be7 11. fxe6 Bxe6 12. Rxb7 Nbd7 13. Be2 Rc8 14.
Nxe6 fxe6 15. Rb3 Qa5 16. O-O Nc5 17. Rbb1 Ncd7 18. Rb3 Nc5 19. Rbb1 Ncd7
1/2-1/2

[Event "Najdorf 2017"]
[Site "Warsaw POL"]
[Date "2017.07.13"]
[Round "5.22"]
[White "Teclaf, Pawel"]
[Black "Annaberdiev, Meilis"]
[Result "1/2-1/2"]
[WhiteElo "2372"]
[BlackElo "2485"]

1. e4 e5 2. Nf3 Nc6 3. Bb5 a6 4. Ba4 Nf6 5. O-O Be7 6. Re1 b5 7. Bb3 O-O 8.
a4 b4 9. d4 d6 10. dxe5 dxe5 11. Nbd2 Bc5 12. a5 Qd6 13. h3 Be6 14. Qe2 Nd4
15. Nxd4 Bxd4 16. Bxe6 Qxe6 17. Nb3 Rfd8 18. Nxd4 Rxd4 19. f3 Nh5 20. Qf2
Rad8 21. Be3 R4d6 22. Qh4 Nf4 23. Bxf4 exf4 24. Qxf4 Qc4 25. Kh1 Rd2 26.
Rac1 h6 27. b3 Qc5 28. e5 Qf2 29. Qg4 R8d4 30. Qc8+ Rd8 31. Qg4 h5 32. Qg5
h4 33. e6 fxe6 34. Qg6 Qg3 35. Qxe6+ Kh8 36. Re2 Rd1+ 37. Re1 R1d2 38. Re2
Rd1+ 1/2-1/2

[Event "Najdorf 2017"]
[Site "Warsaw POL"]
[Date "2017.07.13"]
[Round "5.25"]
[White "Rahul, Srivatshav P"]
[Black "Drozdowski, Kacper"]
[Result "0-1"]
[WhiteElo "2295"]
[BlackElo "2461"]

1. d4 d6 2. c4 e5 3. d5 f5 4. e4 Nf6 5. exf5 Bxf5 6. Nc3 Nbd7 7. Nge2 Bg6
8. Ng3 c6 9. Be2 cxd5 10. Nxd5 Nxd5 11. Qxd5 Qc7 12. b3 Nf6 13. Qe6+ Qe7
14. Qxe7+ Bxe7 15. Bb2 h5 16. Nf1 d5 17. Nd2 d4 18. f3 Rd8 19. a3 a5 20.
O-O Bc5 21. Kh1 h4 22. Rae1 Nh5 23. b4 axb4 24. Nb3 Be7 25. c5 bxa3 26.
Bb5+ Kf8 27. Bxa3 Bf7 28. Nd2 Kg8 29. Nc4 d3 30. Nxe5 d2 31. Rb1 Bf6 32.
Nxf7 Kxf7 33. Bc4+ Kg6 34. g4 hxg3 35. Rg1 Nf4 36. Rxg3+ Kf5 0-1

[Event "Najdorf 2017"]
[Site "Warsaw POL"]
[Date "2017.07.13"]
[Round "5.26"]
[White "Bilguun, Sumiya"]
[Black "Miroshnichenko, Pavel"]
[Result "0-1"]
[WhiteElo "2460"]
[BlackElo "2294"]

1. e4 e5 2. Nf3 Nc6 3. Bb5 a6 4. Ba4 Nf6 5. O-O Be7 6. Re1 b5 7. Bb3 d6 8.
c3 O-O 9. h3 Bb7 10. d4 Re8 11. a3 Bf8 12. Bc2 h6 13. Nbd2 g6 14. b4 Bg7
15. Nb3 exd4 16. cxd4 Nd7 17. Rb1 Nb6 18. Bd3 Na4 19. Qc2 Rc8 20. h4 Nb8
21. Be3 Qd7 22. Nh2 Qe7 23. h5 gxh5 24. Qd2 Qf6 25. Bf4 Nc3 26. Qxc3 Qxf4
27. g3 Qg5 28. Qc2 Nc6 29. Nf3 Qg4 30. Kg2 f5 31. Nh2 Qg6 32. d5 Ne5 33.
exf5 Qf7 34. Be4 Nc4 35. Rbd1 Nxa3 36. Qd3 Nc4 37. Qf3 Nb6 38. Nd4 Rxe4 39.
Rxe4 Nxd5 40. Re6 Nf4+ 41. gxf4 Bxf3+ 42. Nhxf3 c5 43. bxc5 Rxc5 44. Rde1
Rxf5 45. Nxf5 Qxf5 46. R1e3 Qg4+ 47. Kf1 Qxf4 48. Re8+ Kh7 49. R8e7 Qc4+
50. Kg2 b4 51. R3e4 Qb5 52. Rf4 Kg8 53. Rff7 Bf8 54. Rc7 b3 55. Rf6 Qb8 56.
Rg6+ Kh8 57. Rf7 b2 58. Nd2 Qe8 59. Rff6 Bg7 60. Rxd6 a5 61. Rg3 b1=Q 62.
Nxb1 Qe4+ 63. Kh2 Qxb1 64. Rd8+ Kh7 65. Rd7 Qb2 66. Rg2 Qe5+ 67. Kh1 h4 68.
f4 Qf6 69. Ra7 h3 70. Rg3 a4 71. Kh2 Qd4 72. Re7 a3 73. f5 a2 74. Rgxg7+
Qxg7 75. f6 a1=Q 76. Rxg7+ Kh8 77. Rg6 Qe5+ 78. Rg3 Qxf6 79. Kxh3 Kh7 80.
Rg2 h5 81. Kh2 Kh6 82. Kh3 Qf3+ 83. Kh4 Qd3 84. Rg3 Qe4+ 85. Kh3 Qh1# 0-1

[Event "Najdorf 2017"]
[Site "Warsaw POL"]
[Date "2017.07.13"]
[Round "5.27"]
[White "Sundararajan, Kidambi"]
[Black "Jaroch, Karol"]
[Result "1/2-1/2"]
[WhiteElo "2444"]
[BlackElo "2207"]

1. d4 e6 2. c4 Nf6 3. Nc3 Bb4 4. e3 b6 5. Bd3 Bb7 6. Nf3 O-O 7. O-O Re8 8.
Bd2 d6 9. a3 Bxc3 10. Bxc3 Ne4 11. Bxe4 Bxe4 12. d5 e5 13. Ne1 Nd7 14. f3
Bg6 15. f4 Be4 16. Nf3 Bxf3 17. Rxf3 exf4 18. exf4 Re4 19. Qf1 Qe7 20. Re1
1/2-1/2

[Event "Najdorf 2017"]
[Site "Warsaw POL"]
[Date "2017.07.13"]
[Round "5.28"]
[White "Kowalski, Igor"]
[Black "Shvayger, Yuliya"]
[Result "1/2-1/2"]
[WhiteElo "2226"]
[BlackElo "2434"]

1. c4 e5 2. Nc3 Nf6 3. g3 c6 4. Bg2 Bb4 5. e4 O-O 6. Nge2 a6 7. O-O b5 8.
cxb5 axb5 9. d4 d6 10. Bg5 h6 11. Bxf6 Qxf6 12. d5 Bxc3 13. Nxc3 b4 14. Na4
Ba6 15. Nb6 Ra7 16. Re1 Qd8 17. Na4 cxd5 18. Qxd5 Bb7 19. Qd1 Bc6 20. b3
Bxa4 21. bxa4 Nc6 22. a3 bxa3 23. Rxa3 Nd4 24. Qd3 Qa5 25. Rb1 Rc8 26. Ra2
Rac7 27. Qd2 Rc3 28. h4 R8c4 29. Rb8+ Kh7 30. Rb7 Rxa4 31. Rxa4 Qxa4 32.
Rxf7 Qb3 33. Rf8 Qa3 34. Kh2 Rc2 35. Qe3 Rc3 36. Qe1 Rc1 37. Qd2 Rc2 38.
Qd1 Qb2 39. Qe1 Re2 40. Qf1 Qd2 41. Kh3 Nc2 42. Bh1 Ne1 43. Bf3 Nxf3 44.
Rxf3 Rxe4 45. Qb1 d5 46. Kg2 Qb4 47. Rb3 Qe1 48. Qd3 Qe2 49. Qxd5 Rd4 50.
Qf3 Qxf3+ 51. Kxf3 h5 52. Rb5 g6 53. Rxe5 Kg7 54. Re4 Rd3+ 55. Kf4 Rd2 56.
f3 Ra2 57. Rb4 Ra5 58. g4 hxg4 59. fxg4 Ra7 60. Rb5 Ra4+ 61. Kg5 Ra7 62. h5
gxh5 63. Kxh5 Rc7 64. Rg5+ Kh7 65. Re5 Kg7 66. Re6 Ra7 67. g5 Rb7 68. Re5
Ra7 69. Rb5 Ra6 70. Rb7+ Kg8 71. Re7 Rb6 72. g6 Rb1 73. Kh6 Rh1+ 74. Kg5
Rg1+ 75. Kh6 Rh1+ 76. Kg5 Rg1+ 77. Kh6 1/2-1/2

[Event "Najdorf 2017"]
[Site "Warsaw POL"]
[Date "2017.07.13"]
[Round "5.30"]
[White "Molenda, Marcin"]
[Black "Jeet, Jain"]
[Result "1/2-1/2"]
[WhiteElo "2419"]
[BlackElo "2191"]

1. d4 d5 2. Nf3 Nf6 3. g3 e6 4. Bg2 c5 5. c4 dxc4 6. Qa4+ Bd7 7. Qxc4 Nc6
8. dxc5 Qa5+ 9. Nbd2 Qxc5 10. O-O Nd5 11. a3 Rc8 12. Qd3 Qa5 13. Rd1 Ncb4
14. Qe4 f5 15. Qh4 Be7 16. Qh5+ g6 17. Qh6 Bf8 18. Qh3 Nc2 19. Rb1 Bg7 20.
e4 Nde3 21. fxe3 Nxe3 22. Re1 Ng4 23. Bf1 Qb6+ 24. Kg2 h5 25. Bd3 Nf2 26.
Nc4 Rxc4 27. Be3 Qd6 28. Bxf2 Qxd3 29. Rbd1 Qb3 30. exf5 Rg4 31. Rd2 gxf5
32. Re3 Qc4 33. b3 Qc6 34. Red3 Bc8 35. Rd6 Qc7 36. Rd8+ Qxd8 37. Rxd8+
Kxd8 38. Bxa7 Bd7 39. Kf2 Bc6 40. Bb6+ Ke7 41. Qf1 Rc8 42. h3 Bxf3 43. hxg4
hxg4 44. Qd3 Be4 45. Qe3 Rc2+ 46. Kf1 Kf7 47. Bd4 Bxd4 48. Qxd4 Bd5 49. b4
Ra2 50. Qc3 b5 1/2-1/2

[Event "Najdorf 2017"]
[Site "Warsaw POL"]
[Date "2017.07.13"]
[Round "5.31"]
[White "Heberla, Bartlomiej"]
[Black "Martin, Julian"]
[Result "1-0"]
[WhiteElo "2577"]
[BlackElo "2332"]

1. Nf3 Nf6 2. c4 b6 3. Nc3 Bb7 4. d4 e6 5. a3 d5 6. cxd5 exd5 7. Bg5 Be7 8.
e3 O-O 9. Bd3 Nbd7 10. O-O Ne4 11. Bxe7 Qxe7 12. Rc1 Rfd8 13. b4 c5 14.
bxc5 bxc5 15. dxc5 Ndxc5 16. Ne2 Nxd3 17. Qxd3 Qd6 18. Rfe1 Ba6 19. Qd4
Qxa3 20. Ra1 Qd3 21. Qe5 Re8 22. Qf4 Nf6 23. Ned4 Bc8 24. Qc7 Qc4 25. Nc6
Bd7 26. Rec1 Qe4 27. Nce5 Rac8 28. Qd6 Rxc1+ 29. Rxc1 Qf5 30. Ra1 a5 31. h3
a4 32. g4 Qe6 33. Qxe6 Bxe6 34. Rxa4 h5 35. g5 Ne4 36. Kg2 f6 37. gxf6 Nxf6
38. Ra7 Bf5 39. Kg3 Ne4+ 40. Kg2 Nf6 41. Nc6 Be4 42. Kg3 Bxf3 43. Kxf3 Kh7
44. Nd4 Ne4 45. Kg2 Nf6 46. Nf5 Kg6 47. Ne7+ Kh6 48. h4 g5 49. Ra6 Rxe7 50.
Rxf6+ Kg7 51. Rf5 gxh4 52. Rxd5 Kg6 53. Kh3 Rf7 54. Rd6+ Kg5 55. f4+ Kf5
56. Rd5+ Kg6 57. Re5 Rc7 58. Kxh4 Rc3 59. e4 Rc6 60. Rg5+ Kf6 1-0

[Event "Najdorf 2017"]
[Site "Warsaw POL"]
[Date "2017.07.13"]
[Round "5.32"]
[White "Lalith, Babu M R"]
[Black "Urazayev, Arystanbek"]
[Result "1/2-1/2"]
[WhiteElo "2530"]
[BlackElo "2322"]

1. c4 Nf6 2. g3 e5 3. Bg2 Nc6 4. Nc3 Bc5 5. e3 O-O 6. Nge2 a6 7. O-O d6 8.
a3 Ba7 9. d4 exd4 10. exd4 Re8 11. h3 h6 12. Be3 Ne7 13. b4 c6 14. a4 d5
15. c5 Bb8 16. Bf4 Ng6 17. Bxb8 Rxb8 18. Qd3 h5 19. Rae1 Bd7 20. Qd2 Qc7
21. Qg5 Re7 22. Nc1 Rbe8 23. Rxe7 Rxe7 24. Nd3 Qc8 25. Kh2 Bf5 26. Nf4 Nxf4
27. Qxf4 Bg6 28. Bf3 Qe8 29. Kg2 Kh7 30. b5 axb5 31. axb5 Qa8 32. Qc1 Nd7
33. b6 Qa6 34. Qd2 Qa3 35. Re1 Rxe1 36. Qxe1 Nf8 37. Qe3 Qb4 38. Ne2 Ne6
39. h4 Qb2 40. Kh2 Qa1 41. g4 hxg4 42. Bxg4 Be4 43. f3 Bc2 44. Bxe6 fxe6
45. Ng3 Qd1 46. Kg2 Bf5 47. Nh5 Bg6 48. Nf4 Bf5 49. h5 Qc2+ 50. Kg3 Qd1 51.
Kh4 Qh1+ 52. Kg5 Qh2 53. Qe1 Bh3 54. Nxe6 Qg2+ 55. Kh4 Bxe6 56. Qxe6 Qxf3
57. Qg6+ Kh8 58. Qe8+ Kh7 59. Qg6+ Kh8 1/2-1/2

[Event "Najdorf 2017"]
[Site "Warsaw POL"]
[Date "2017.07.13"]
[Round "5.33"]
[White "Eggink, Ryszard"]
[Black "Romanishin, Oleg M"]
[Result "1/2-1/2"]
[WhiteElo "2322"]
[BlackElo "2463"]

1. e4 e5 2. Nf3 Nc6 3. Bb5 a6 4. Ba4 Nf6 5. O-O Be7 6. d3 b5 7. Bb3 d6 8.
a4 Bd7 9. c3 O-O 10. Nbd2 Na5 11. Bc2 c5 12. d4 cxd4 13. cxd4 Qc7 14. b4
Nc6 15. Ba3 exd4 16. Rc1 Qb7 17. Re1 Ng4 18. Nb3 bxa4 19. Nbxd4 Nxd4 20.
Qxd4 Rac8 21. h3 Ne5 22. Nxe5 dxe5 23. Qxe5 Bxb4 24. Rb1 a5 25. Bd3 Rb8 26.
Re3 Qc6 27. Bb2 f6 28. Qh5 a3 29. Rc1 Be8 30. Rxc6 Bxh5 31. Bc4+ Kh8 32.
Bxa3 Rfc8 33. Rxc8+ Rxc8 34. Bxb4 axb4 35. Bb3 Rc1+ 36. Kh2 g5 37. Kg3 Bd1
38. Bxd1 Rxd1 39. Rb3 Rd4 40. Kf3 Kg7 41. Ke3 Rc4 42. Kd3 Rc1 43. Rxb4 Rg1
44. g3 Rh1 45. Rb7+ Kg6 46. Rb6 Kg7 47. e5 fxe5 48. Ke4 1/2-1/2

[Event "Najdorf 2017"]
[Site "Warsaw POL"]
[Date "2017.07.13"]
[Round "5.34"]
[White "Nasuta, Grzegorz"]
[Black "Bednarek, Sylwester"]
[Result "1-0"]
[WhiteElo "2455"]
[BlackElo "2309"]

1. e4 e6 2. d4 d5 3. Nc3 Bb4 4. e5 c5 5. a3 Bxc3+ 6. bxc3 Qa5 7. Bd2 Qa4 8.
Qg4 g6 9. Nf3 b6 10. Bd3 Ba6 11. Qf4 Bxd3 12. cxd3 h6 13. c4 Ne7 14. dxc5
Nd7 15. cxb6 axb6 16. O-O g5 17. Qg4 Nc5 18. Qh5 g4 19. Ng5 Ng6 20. Nxf7
Kxf7 21. f4 Kg7 22. f5 exf5 23. Rxf5 Ne6 24. Rf6 Nef8 25. Raf1 Rh7 26.
Bxh6+ Kh8 27. Rxg6 Nxg6 28. Qxg6 dxc4 29. Qf6+ Kg8 30. Qf8+ 1-0

[Event "Najdorf 2017"]
[Site "Warsaw POL"]
[Date "2017.07.13"]
[Round "5.35"]
[White "Winiarski, Mikolaj"]
[Black "Noe, Christopher"]
[Result "1/2-1/2"]
[WhiteElo "2295"]
[BlackElo "2451"]

1. e4 d5 2. exd5 Qxd5 3. Nc3 Qd8 4. d4 Nf6 5. Bc4 Bg4 6. Nge2 e6 7. f3 Bf5
8. Be3 Nbd7 9. a3 Nb6 10. Ba2 Nfd5 11. Nxd5 Nxd5 12. Bf2 Be7 13. c4 Nb6 14.
O-O O-O 15. Ng3 Bg6 16. Ne4 Nd7 17. Re1 Nf6 18. Qe2 c6 19. Rad1 Qc8 20. Nc5
Re8 21. Nd3 Qc7 22. Ne5 Rad8 23. Bg3 Qc8 24. b4 a5 25. c5 axb4 26. axb4 Nh5
27. Bf2 Nf4 28. Qe3 Nd5 29. Qa3 b5 30. Bxd5 Rxd5 31. Ra1 Bf6 32. Qa6 Bxe5
33. Rxe5 Rxe5 34. Qxc8 Rxc8 35. dxe5 Bd3 36. Bh4 h6 37. Be7 Bc4 1/2-1/2

[Event "Najdorf 2017"]
[Site "Warsaw POL"]
[Date "2017.07.13"]
[Round "5.36"]
[White "Janik, Igor"]
[Black "Rakesh, Kumar Jena"]
[Result "0-1"]
[WhiteElo "2425"]
[BlackElo "2283"]

1. e4 c5 2. Nf3 e6 3. d4 cxd4 4. Nxd4 Nf6 5. Nc3 Nc6 6. Ndb5 Bb4 7. a3
Bxc3+ 8. Nxc3 d5 9. exd5 exd5 10. Bd3 O-O 11. O-O d4 12. Ne2 Bg4 13. Bg5
Qd6 14. f3 Bh5 15. Bh4 Rfe8 16. Bf2 Rad8 17. Qd2 Nd5 18. Rfe1 Ne3 19. Ng3
Bg6 20. Ne4 Bxe4 21. Bxe4 f5 22. Bd3 f4 23. Be4 Rxe4 24. fxe4 Qg6 25. Bh4
Ne5 26. Kh1 Rf8 27. Be7 Re8 28. Bc5 f3 29. Rxe3 dxe3 30. Bxe3 Nc4 31. Qd5+
Kh8 32. gxf3 Nxe3 33. Qd2 Nc4 34. Qd4 Ne5 35. Qxa7 Nxf3 36. Qxb7 Qe6 37. a4
Qe5 38. Kg2 Rf8 0-1

[Event "Najdorf 2017"]
[Site "Warsaw POL"]
[Date "2017.07.13"]
[Round "5.40"]
[White "Zaleski, Lukasz"]
[Black "Kaczmarek, Aleksander"]
[Result "0-1"]
[WhiteElo "2220"]
[BlackElo "2380"]

1. e4 c6 2. d4 d5 3. e5 c5 4. dxc5 e6 5. a3 Qc7 6. Nf3 Nc6 7. Bb5 Bxc5 8.
b4 Bb6 9. Bb2 Ne7 10. O-O O-O 11. Bd3 Ng6 12. Re1 a5 13. b5 Nce7 14. a4 Bc5
15. g3 f5 16. h4 Bd7 17. Nbd2 Nh8 18. Nb3 b6 19. Nbd4 Nf7 20. Kg2 Rae8 21.
Qe2 Nh6 22. Ng5 Ng6 23. f4 Nh8 24. c4 dxc4 25. Bxc4 Qc8 26. Nb3 Bb4 27.
Red1 Ng4 28. Bd4 Qb7+ 29. Qf3 Qa7 30. Kg1 h6 31. Nh3 Bc8 32. Qc6 Qf7 33.
Qxb6 g5 34. fxg5 f4 35. gxf4 Qh5 36. Bd3 Qxh4 37. Kg2 Re7 38. Be4 Ng6 39.
Bf2 Nxf4+ 40. Nxf4 Qh2+ 41. Kf1 Qxf4 42. Rd8 Rf7 43. Ra2 Qxe4 44. Rxf8+
Rxf8 0-1

[Event "Najdorf 2017"]
[Site "Warsaw POL"]
[Date "2017.07.13"]
[Round "5.41"]
[White "Zujev, Oleg"]
[Black "Dzierzak, Radoslaw"]
[Result "0-1"]
[WhiteElo "2366"]
[BlackElo "2231"]

1. d4 Nf6 2. c4 e6 3. Nc3 Bb4 4. e3 O-O 5. Ne2 d5 6. a3 Bd6 7. Ng3 c5 8.
dxc5 Bxc5 9. b4 Be7 10. Bb2 a5 11. b5 dxc4 12. Bxc4 Nbd7 13. Na4 b6 14. O-O
Bb7 15. Rc1 Rc8 16. Qe2 Rc7 17. e4 Qa8 18. Bd3 Rxc1 19. Rxc1 Rd8 20. Bb1
Qb8 21. e5 Nd5 22. Rc4 Nf8 23. h4 Ng6 24. h5 Ngf4 25. Qc2 g6 26. Nxb6 Nxg2
27. Nxd5 Bxd5 28. hxg6 hxg6 29. Rg4 Ne1 30. Rxg6+ fxg6 31. Qxg6+ Kf8 32.
Bc1 Nf3+ 33. Kf1 Bc4+ 0-1